| 000 | 00491nam a22001817a 4500 | ||
|---|---|---|---|
| 003 | OSt | ||
| 005 | 20180116183106.0 | ||
| 008 | 170808b xxu||||| |||| 00| 0 eng d | ||
| 020 | _a9781420090567 | ||
| 040 | _c0 | ||
| 082 | _a332.8015195 WU 2009 | ||
| 100 | _aLixin Wu | ||
| 245 |
_aInterest Rate Modeling _bTheory and Practice _cLixin Wu |
||
| 260 |
_aNew York _bCRC Press _c2009 |
||
| 300 |
_a333p. _bHB |
||
| 440 | _aInterest Rate Modeling | ||
| 942 |
_2ddc _cBK _k332.8015195 WU 2009 |
||
| 999 |
_c352061 _d352061 |
||